000 00254nam a22001217a 4500
008 170320b xxu||||| |||| 00| 0 alb d
041 _aalb
080 _a616.8
100 _a7
101 _aSHM
245 _aSEMUNDJET NERVORE
_cPREZA, B
942 _2udc
_cBK
999 _c8080
_d8080